banner-ar

مجلة معهد المخطوطات العربية (المجلد 16) : ديوان شعر المثقب العبدى / (Record no. 45527)

MARC details
000 -الفاتح
حقل البيانات ثابتة الطول 00704nam a2200193Ia 4500
008 - عناصر البيانات ثابتة الطول - معلومات عامة
حقل البيانات ثابتة الطول 140319s9999 xx 000 0 ara d
040 ## - مصدر الفهرسة
وكالة الفهرسة الأصلية GCL /
وكالة النسخ GCL
082 04 - رقم تصنيف ديوى العشرى
رقم التصنيف 811.1
رقم المادة م م
100 1# - المدخل الرئيسى - إسم شخصى
الإسم الشخصى المثقب العبدى : العائذ بن محصن بن ثعلبه
245 10 - بيان العنوان
العنوان مجلة معهد المخطوطات العربية (المجلد 16) : ديوان شعر المثقب العبدى /
بيان المسئوليه,etc المثقب العبدى : العائذ بن محصن بن ثعلبه
700 1# - المدخل الاضافى - اسم شخصى
الإسم الشخصى حسن كامل (معلق)
300 ## - الوصف المادى
التعداد 430 ص
490 ## - بيان السلسلة
عنوان السلسلة
650 04 - المدخل الاضافى بالموضوع-مصطلح موضوعى
مصطلح موضوعي الشعر العربى
650 04 - المدخل الاضافى بالموضوع-مصطلح موضوعى
مصطلح موضوعي الادب العربى
650 04 - المدخل الاضافى بالموضوع-مصطلح موضوعى
مصطلح موضوعي العصر الجاهلى
942 ## - عناصر المدخل الإضافي( كوها)
مصدر التصنيف او مخطط الترفيف Dewey Decimal Classification
Koha [default] item type كتاب
Holdings
حالة التراجع حالة الفقد حالة تلف ليس للاعارة المكان المؤقت الموقع الحالى تاريخ الاكتساب اجمالي اﻻعارات رقم الطلب الباركود تاريخ اخر مشاهدة تاريخ تفعيل السعر نوع وعاء كوها
        مكتبة القاهرة الكبرى مكتبة القاهرة الكبرى 03/26/2014   811.1\م م 111109 03/26/2014 03/26/2014 كتاب
        مكتبة القاهرة الكبرى مكتبة القاهرة الكبرى 03/26/2014   811.1\م م 111110 03/26/2014 03/26/2014 كتاب
        مكتبة القاهرة الكبرى مكتبة القاهرة الكبرى 03/26/2014   811.1\م م 111111 03/26/2014 03/26/2014 كتاب

Powered By

EGPV